|
|
|
|
| LEADER |
00000nbm0a2200000 4500 |
| 001 |
152740 |
| 005 |
20231101221636.0 |
| 029 |
0 |
0 |
|a SU
|b 01880031446
|f ТПУ
|
| 035 |
|
|
|a (RuTPU)RU\TPU\book\165601
|
| 090 |
|
|
|a 152740
|
| 100 |
|
|
|a 20090204d1989 k y0rusy50 ca
|
| 101 |
0 |
|
|a rus
|
| 102 |
|
|
|a RU
|
| 105 |
|
|
|a a p 001zy
|
| 200 |
1 |
|
|a Исследование твердотельных источников на основе МДМ-структур
|a Электрофизические характеристики датчиков влажности и температуры на основе твердотельных источников тока
|e Промежуточный отчет о НИР
|e Тема: г/б Том-12
|f Томский политехнический институт (ТПИ) ; руководитель С. А. Зайдман
|
| 210 |
|
|
|a Томск
|d 1989
|
| 215 |
|
|
|a 58 л.
|
| 320 |
|
|
|a Библиогр.: с. 55-58.
|
| 606 |
|
|
|a Влажность
|x Определение
|2 stltpush
|3 (RuTPU)RU\TPU\subj\38222
|9 58876
|
| 610 |
1 |
|
|a отчеты о НИР
|
| 610 |
1 |
|
|a источники тока
|
| 610 |
1 |
|
|a металл-диэлектрик-металл
|
| 610 |
1 |
|
|a вольтамперные характеристики
|
| 610 |
1 |
|
|a генерация тока
|
| 610 |
1 |
|
|a первичные преобразователи
|
| 610 |
1 |
|
|a температура
|
| 610 |
1 |
|
|a модели
|
| 610 |
1 |
|
|a механизмы
|
| 675 |
|
|
|a 533.2(04)
|v 3
|
| 702 |
|
1 |
|a Зайдман
|b С. А.
|4 673
|
| 712 |
0 |
2 |
|a Томский политехнический институт (ТПИ)
|c (1944-1991)
|2 stltpush
|3 (RuTPU)RU\TPU\col\1123
|4 595
|
| 801 |
|
1 |
|a RU
|b 63413507
|c 20090204
|g PSBO
|
| 801 |
|
2 |
|a RU
|b 63413507
|c 20180418
|g RCR
|
| 942 |
|
|
|c BK
|